000 00397nam a22001697a 4500
005 20180904145027.0
008 160531b xxu||||| |||| 00| 0 eng d
020 _a81-7648-611-6
041 _aeng
082 _b6399
_a658.4013
100 _aReddy, R. Jaya Prakash
_91594
245 _aManagement Control Systems
260 _bAPH
300 _a206p,
650 _aManagement
_9241
942 _cBK
999 _c2250
_d2249